Normal view
MARC view
- Chandler, Gael,
Entry Personal Name
001 - CONTROL NUMBER
- control field: 12978
003 - CONTROL NUMBER IDENTIFIER
- control field: OSt
005 - DATE AND TIME OF LATEST TRANSACTION
- control field: 20240112081523.0
008 - FIXED-LENGTH DATA ELEMENTS
- fixed length control field: 240112|| aca||aabn | a|a d
040 ## - CATALOGING SOURCE
- Original cataloging agency: OSt
- Transcribing agency: OSt
100 ## - HEADING--PERSONAL NAME
- Personal name: Chandler, Gael,
- Dates associated with a name: 1951-
670 ## - SOURCE DATA FOUND
- Source citation: Work cat.: (OSt)5107: Chandler, Gael, 1951-, Cut by cut :, c2012.